[Event "SLO-ch U10"]
[Site "Murska Sobota"]
[Date "2007.03.01"]
[Round "7"]
[White "Dragovan, Damjan"]
[Black "Zagorsek, David"]
[Result "0-1"]
[WhiteElo "1500"]
[BlackElo "1500"]
[PlyCount "68"]
[EventDate "2007.02.25"]
[EventType "swiss"]
[EventRounds "9"]
[EventCountry "SLO"]
[SourceTitle "CBM 117 Extra"]
[Source "ChessBase"]
[SourceDate "2007.05.09"]
[SourceVersion "1"]
[SourceVersionDate "2007.05.09"]
[SourceQuality "1"]

1. e4 e5 2. Nf3 Nc6 3. Bc4 h6 4. 0-0 Nf6 5. Nc3 Bb4 6. Qe2 0-0 7. a3 Bxc3 8. dxc3 d6 9. Bd5 Nxd5 10. exd5 Ne7 11. c4 Bg4 12. h3 Bxf3 13. Qxf3 f5 14. g4 e4 15. Qf4 Ng6 16. Qe3 Nh4 17. Qc3 Nf3+ 18. Kg2 Nh4+ 19. Kg1 fxg4 20. hxg4 Nf3+ 21. Kg2 Qh4 22. Rd1 Qh2+ 23. Kf1 Qg1+ 24. Ke2 Qxg4 25. Ke3 Qf4+ 26. Ke2 Ng1+ 27. Rxg1 Qxf2+ 28. Kd1 Qxg1+ 29. Kd2 Rf2+ 30. Ke3 Rf3+ 31. Kxe4 Rxc3 32. bxc3 Re8+ 33. Kd3 Qd1+ 34. Bd2 Qxa1 0-1

[Event "SLO-ch U10"]
[Site "Murska Sobota"]
[Date "2007.02.26"]
[Round "3"]
[White "Zajc, Tine"]
[Black "Dragovan, Damjan"]
[Result "0-1"]
[WhiteElo "1500"]
[BlackElo "1500"]
[PlyCount "60"]
[EventDate "2007.02.25"]
[EventType "swiss"]
[EventRounds "9"]
[EventCountry "SLO"]
[SourceTitle "CBM 117 Extra"]
[Source "ChessBase"]
[SourceDate "2007.05.09"]
[SourceVersion "1"]
[SourceVersionDate "2007.05.09"]
[SourceQuality "1"]

1. e4 e5 2. Nf3 d6 3. h3 Nf6 4. Nc3 d5 5. exd5 Nxd5 6. Bc4 Nxc3 7. bxc3 e4 8. Ne5 Qg5 9. Nxf7 Qxg2 10. Rf1 Bxh3 11. d3 Qxf1+ 12. Kd2 Qxf2+ 13. Qe2 Qxe2+ 14. Kxe2 Rg8 15. Ng5 Bg4+ 16. Ke3 Rh8 17. Nf7 Rg8 18. Nd6+ Bxd6 19. Bxg8 exd3 20. cxd3 Nc6 21. Bc4 0-0-0 22. Bb2 Re8+ 23. Kd2 Bf4+ 24. Kc2 Re2+ 25. Kb3 Na5+ 26. Ka3 h5 27. Rf1 Nxc4+ 28. dxc4 Bd6+ 29. Kb3 h4 30. Rg1 Bf3 0-1